MARC details
| 000 -LEADER |
| fixed length control field |
01860cam a2200493 a 4500 |
| 001 - CONTROL NUMBER |
| control field |
21438 |
| 003 - CONTROL NUMBER IDENTIFIER |
| control field |
VRT |
| 005 - DATE AND TIME OF LATEST TRANSACTION |
| control field |
20260302112031.0 |
| 008 - FIXED-LENGTH DATA ELEMENTS--GENERAL INFORMATION |
| fixed length control field |
251117s2017 xo a b 000 f slo |
| 015 ## - NATIONAL BIBLIOGRAPHY NUMBER |
| National bibliography number |
SNBA2018/07 |
| 020 ## - INTERNATIONAL STANDARD BOOK NUMBER |
| International Standard Book Number |
9788089913022 |
| Qualifying information |
(viaz.) |
| 035 ## - SYSTEM CONTROL NUMBER |
| System control number |
urn:nbn:sk:snk-am00d3vp |
| 035 ## - SYSTEM CONTROL NUMBER |
| System control number |
urn:nbn:sk:snk-am3hksu |
| 035 ## - SYSTEM CONTROL NUMBER |
| System control number |
CB7CA998-92EF-4AA3-B15A-1437D90A0EA1 |
| 039 #9 - LEVEL OF BIBLIOGRAPHIC CONTROL AND CODING DETAIL [OBSOLETE] |
| Level of rules in bibliographic description |
202511170626 |
| Level of effort used to assign nonsubject heading access points |
VLOAD |
| Level of effort used to assign subject headings |
202008260953 |
| Level of effort used to assign classification |
AUTHORITY |
| Level of effort used to assign subject headings |
202001041301 |
| Level of effort used to assign classification |
VLOAD |
| Level of effort used to assign subject headings |
201807091004 |
| Level of effort used to assign classification |
msnk24 |
| 040 ## - CATALOGING SOURCE |
| Original cataloging agency |
PPPK |
| Language of cataloging |
slo |
| Transcribing agency |
PPPK |
| Modifying agency |
SNK |
| Description conventions |
AACR2 |
| 041 1# - LANGUAGE CODE |
| Language code of text/sound track or separate title |
slo |
| -- |
fre |
| Language code of original |
fre |
| 044 ## - COUNTRY OF PUBLISHING/PRODUCING ENTITY CODE |
| MARC country code |
xo |
| ISO country code |
SK |
| 072 #7 - SUBJECT CATEGORY CODE |
| Subject category code |
821.162.4-3 |
| Subject category code subdivision |
Slovenská próza |
| Source |
konspekt |
| 072 #7 - SUBJECT CATEGORY CODE |
| Subject category code |
821-93 |
| Subject category code subdivision |
Literatúra pre deti a mládež (beletria) |
| Source |
konspekt |
| 080 ## - UNIVERSAL DECIMAL CLASSIFICATION NUMBER |
| Universal Decimal Classification number |
821.162.4-34 |
| Edition identifier |
2011 |
| 080 ## - UNIVERSAL DECIMAL CLASSIFICATION NUMBER |
| Universal Decimal Classification number |
82-93-053.2 |
| Edition identifier |
2011 |
| 080 ## - UNIVERSAL DECIMAL CLASSIFICATION NUMBER |
| Universal Decimal Classification number |
(0.027)=030 |
| Edition identifier |
2011 |
| 100 1# - MAIN ENTRY--PERSONAL NAME |
| Personal name |
Weiner-Kráľ, Imro, |
| Dates associated with a name |
1901-1978 |
| Relationship |
aut |
| -- |
ill |
| 245 10 - TITLE STATEMENT |
| Title |
Rozprávky pre Elise |
| Number of part/section of a work |
4 |
| Name of part/section of a work |
Žabiakovo dobrodružstvo a ďalšie príbehy |
| Statement of responsibility, etc. |
Imro Weiner-Kráľ ; [z francúzskeho jazyka preložila Dagmar Ondrejková] |
| 246 30 - VARYING FORM OF TITLE |
| Title proper/short title |
Žabiakovo dobrodružstvo a ďalšie príbehy |
| 250 ## - EDITION STATEMENT |
| Edition statement |
1. vyd. |
| 260 ## - PUBLICATION, DISTRIBUTION, ETC. |
| Place of publication, distribution, etc. |
Bratislava |
| Name of publisher, distributor, etc. |
Petrus |
| Date of publication, distribution, etc. |
2017 |
| 300 ## - PHYSICAL DESCRIPTION |
| Extent |
148 s. |
| Other physical details |
fareb. ilustr. |
| Dimensions |
21 cm |
| 490 1# - SERIES STATEMENT |
| Series statement |
Proles |
| Volume/sequential designation |
4. zv. |
| 500 ## - GENERAL NOTE |
| General note |
Súbežný text vo franc. |
| 655 #7 - INDEX TERM--GENRE/FORM |
| Genre/form data or focus term |
slovenské rozprávky |
| Source of term |
SNKPH |
| 655 #7 - INDEX TERM--GENRE/FORM |
| Genre/form data or focus term |
publikácie pre deti |
| Source of term |
SNKPH |
| 655 #7 - INDEX TERM--GENRE/FORM |
| Genre/form data or focus term |
dvojjazyčné vydania |
| Source of term |
SNKPH |
| 655 #7 - INDEX TERM--GENRE/FORM |
| Genre/form data or focus term |
Slovak fairy tales |
| Source of term |
SNKPHeng |
| 655 #7 - INDEX TERM--GENRE/FORM |
| Genre/form data or focus term |
Children's literature |
| Source of term |
SNKPHeng |
| 655 #7 - INDEX TERM--GENRE/FORM |
| Genre/form data or focus term |
Bilingual editions |
| Source of term |
SNKPHeng |
| 700 1# - ADDED ENTRY--PERSONAL NAME |
| Personal name |
Ondrejková, Dagmar |
| Titles and other words associated with a name |
(prekladateľka) |
| Relationship |
trl |
| 830 #0 - SERIES ADDED ENTRY--UNIFORM TITLE |
| Uniform title |
Proles |
| 942 ## - ADDED ENTRY ELEMENTS (KOHA) |
| Source of classification or shelving scheme |
Dewey Decimal Classification |
| Koha item type |
Krásna literatúra pre deti |
| Suppress in OPAC |
No |
| 949 ## - LOCAL PROCESSING INFORMATION (OCLC) |
| 6 |
3870A24996 |
| a |
binIL 1358 |
| b |
bin24996 |
| 949 ## - LOCAL PROCESSING INFORMATION (OCLC) |
| 6 |
17A1331855 |
| a |
snkSC 171904/4 |
| b |
snk2018/12311 |
| o |
1317/18 |
| s |
6100:20180711 |
| 949 ## - LOCAL PROCESSING INFORMATION (OCLC) |
| 6 |
17A1331856 |
| a |
snkSC 171904/4 D1 |
| b |
snk2018/12312 |
| o |
1317/18 |